| 000 | 01074njm a22002777a 4500 | ||
|---|---|---|---|
| 005 | 20100920143832.0 | ||
| 007 | sd ammalaaahaa | ||
| 008 | 100913t xxu||||| |||| 00| 0 hin d | ||
| 028 |
_aECSD 2918 _bHis Master's Voice |
||
| 035 | _aGR-03642 | ||
| 040 |
_aSED _cSED |
||
| 100 |
_aSharan, Hari Om _91184 |
||
| 245 |
_aBhakti vandan / _cby Hari Om Sharan [and] Nandini Sharan _h[sound recording] : |
||
| 246 | _aभक्ति वंदन | ||
| 260 |
_aDum Dum India _bHis Master's Voice _c1983 |
||
| 300 |
_a1 sound disc [Gramophone record] : _banalog, 33 1/3 rpm _c12.5 in. (LP) _fGramophone Record |
||
| 500 | _aBrief Record | ||
| 500 | _aRecord label :His Master's Voice, Red | ||
| 505 | _aSide-1 (Ramji ke naa m ne to pathhar bhi tare) (Hari Om Sharan) Side-2 (Itni hi kripa barsado hari) (Nandini Sharan) | ||
| 600 |
_aSharan, Hari Om _920778 |
||
| 650 |
_aBhajan _920784 _xExcerpts _zIndia |
||
| 650 |
_aBhakti Vandan _920821 |
||
| 700 | _920804 | ||
| 942 |
_2ddc _cGR |
||
| 999 |
_c47054 _d47054 |
||